| 000 | 00422 a2200133 4500 | ||
|---|---|---|---|
| 001 | 88093 | ||
| 082 | _aPR 332 | ||
| 090 |
_c41504 _d41504 |
||
| 100 | _aNoman Fasihullah, 2990 | ||
| 245 | _aTo develop a JAVA applet for flow demonstration in converging-diverging nozzle without boundary layer and friction | ||
| 260 |
_aRisalpur _bNUST Risalpur _c2004 |
||
| 300 |
_aviii, 45p. _eAbid Ali Khan |
||
| 500 | _aBE Project Reports | ||
| 942 |
_aCAE NUST _kPR 332 |
||
| 999 |
_c323166 _d323166 |
||